000 00913nam a2200253Ia 4500
003 OSt
005 20220923211254.0
006 a|||||r|||| 00| 0
007 ta
008 Pun
020 _a9788178837260 (hbk)
_c200
024 _a284,471
037 _b934, 23/03/2015, H.K. Prakashan
_cTextual
040 _aARTS
_cARTS
_bPun
041 _2Pun
_aPun
082 _aO153,3N53:g, P6;Q4
100 _aਨਸਰਾਲੀ, ਬਲਜਿੰਦਰ
_9156271
245 0 _aਕਰਮਜੀਤ ਸਿੰਘ ਕੁੱਸਾ ਦੇ ਨਾਵਲਾਂ ਦਾ ਸਭਿਆਚਾਰ Fਾਸਤਰ
260 _aਲੁਧਿਆਣਾ
_b ਚੇਤਨਾ ਪ੍ਰਕਾFਨ
_c2014
300 _a132ਪੰ
_ccm.
650 _aਪੰਜਾਬੀ ਸਾਹਿਤ
942 _hO153,3N53:g, P6;Q4
_cTEXL
_2CC
999 _c298033
_d298033